[Event "Milan SSM op 09"]
[Site "Milan"]
[Date "2014.10.03"]
[Round "6"]
[White "Spada, Maurizio"]
[Black "Di Paola, Antonio"]
[Result "0-1"]
[WhiteElo "1611"]
[BlackElo "1697"]
[PlyCount "84"]
[EventDate "2014.09.16"]
[EventType "swiss"]
[EventRounds "8"]
[EventCountry "ITA"]
[SourceTitle "EXT 2016"]
[Source "ChessBase"]
[SourceDate "2015.10.08"]
[SourceVersion "1"]
[SourceVersionDate "2015.10.08"]
[SourceQuality "1"]

1. e4 c6 2. Nc3 d5 3. Nf3 Bg4 4. h3 Bxf3 5. Qxf3 e6 6. d4 Nf6 7. e5 Nfd7 8. Bd3 c5 9. Be3 cxd4 10. Bxd4 Nc6 11. Qe3 Nxd4 12. Qxd4 Bc5 13. Qg4 0-0 14. Qf4 a6 15. 0-0 Qc7 16. Rae1 Rfc8 17. Kh1 Be7 18. Qg3 Qd8 19. Qf3 Bb4 20. a3 Bxc3 21. bxc3 g6 22. Qf4 Rxc3 23. Rb1 Qc7 24. Rfe1 b5 25. h4 Rxa3 26. h5 Ra4 27. Qg3 Qd8 28. f4 Nc5 29. hxg6 hxg6 30. Bxg6 fxg6 31. Qxg6+ Kf8 32. Qh6+ Ke8 33. c4 Rxc4 34. Rec1 Kd7 35. Rxc4 bxc4 36. Qh7+ Kc6 37. Qc2 Qh4+ 38. Kg1 Qxf4 39. Qb2 Qe3+ 40. Qf2 Qxf2+ 41. Kxf2 Nb3 42. g4 a5 0-1

[Event "Milan SSM op 09"]
[Site "Milan"]
[Date "2014.09.30"]
[Round "5"]
[White "Bracco, Valter"]
[Black "Di Paola, Antonio"]
[Result "1/2-1/2"]
[WhiteElo "1464"]
[BlackElo "1697"]
[PlyCount "44"]
[EventDate "2014.09.16"]
[EventType "swiss"]
[EventRounds "8"]
[EventCountry "ITA"]
[SourceTitle "EXT 2016"]
[Source "ChessBase"]
[SourceDate "2015.10.08"]
[SourceVersion "1"]
[SourceVersionDate "2015.10.08"]
[SourceQuality "1"]

1. e4 c6 2. Nc3 d5 3. Nf3 Bg4 4. h3 Bxf3 5. Qxf3 e6 6. d3 Nf6 7. Qg3 d4 8. Ne2 h6 9. Bd2 Qb6 10. b3 Nbd7 11. a4 e5 12. Rb1 h5 13. c3 c5 14. c4 Be7 15. Qf3 0-0-0 16. Ng3 Rdg8 17. Nf5 Qe6 18. g4 Ne8 19. Qd1 Nd6 20. a5 Nxf5 21. exf5 Qc6 22. Rg1 Re8 1/2-1/2

[Event "Milan Giugno B"]
[Site "Milan"]
[Date "2014.05.31"]
[Round "3"]
[White "Di Paola, Antonio"]
[Black "Carli, Federico"]
[Result "1-0"]
[WhiteElo "1697"]
[BlackElo "1579"]
[PlyCount "73"]
[EventDate "2014.05.29"]
[EventType "swiss"]
[EventRounds "6"]
[EventCountry "ITA"]
[SourceTitle "EXT 2024"]
[Source "ChessBase"]
[SourceDate "2023.10.10"]
[SourceVersion "1"]
[SourceVersionDate "2023.10.10"]
[SourceQuality "1"]

1. d4 d5 2. c4 c6 3. cxd5 cxd5 4. Nf3 Nf6 5. Nc3 Nc6 6. Bf4 Bf5 7. e3 e6 8. Bd3 Bxd3 9. Qxd3 Bd6 10. Bxd6 Qxd6 11. 0-0 0-0 12. Rac1 Rac8 13. a3 a6 14. Na4 Nd7 15. Nc5 Rc7 16. Rc2 Rfc8 17. Rfc1 h6 18. h3 Na5 19. Nxd7 Qxd7 20. Ne5 Qd6 21. b4 Nc6 22. Nxc6 Rxc6 23. Qb3 b5 24. Rc5 Rxc5 25. bxc5 Qe7 26. Rb1 Qd7 27. Qb4 Qc6 28. Qa5 Rb8 29. a4 Kf8 30. Rb4 Ke7 31. axb5 axb5 32. Qa7+ Rb7 33. Qa8 f6 34. Qg8 g5 35. Qg7+ Ke8 36. Qxf6 Rf7 37. Qxh6 1-0

[Event "Milan Giugno B"]
[Site "Milan"]
[Date "2014.05.29"]
[Round "1"]
[White "Bracco, Valter"]
[Black "Di Paola, Antonio"]
[Result "1/2-1/2"]
[WhiteElo "1481"]
[BlackElo "1697"]
[PlyCount "49"]
[EventDate "2014.05.29"]
[EventType "swiss"]
[EventRounds "6"]
[EventCountry "ITA"]
[SourceTitle "EXT 2024"]
[Source "ChessBase"]
[SourceDate "2023.10.10"]
[SourceVersion "1"]
[SourceVersionDate "2023.10.10"]
[SourceQuality "1"]

1. e4 c6 2. Nc3 d5 3. Nf3 Bg4 4. exd5 cxd5 5. h3 Bxf3 6. Qxf3 e6 7. d4 Nf6 8. Bb5+ Nc6 9. 0-0 Be7 10. Qg3 Nh5 11. Qg4 Nf6 12. Qxg7 Rg8 13. Qh6 Rg6 14. Qe3 Qc7 15. Bd3 Rg8 16. Qf3 Nxd4 17. Qd1 Nc6 18. Re1 0-0-0 19. a3 a6 20. b4 b5 21. Bd2 Qb6 22. a4 Nxb4 23. axb5 a5 24. Na4 Qd4 25. Be3 1/2-1/2

[Event "Milan Crespi op-B 30th"]
[Site "Milan"]
[Date "2009.12.08"]
[Round "7"]
[White "Di Paola, Antonio"]
[Black "Krstic, Dragan"]
[Result "0-1"]
[WhiteElo "1749"]
[BlackElo "1810"]
[PlyCount "42"]
[EventDate "2009.12.04"]
[EventType "swiss"]
[EventRounds "7"]
[EventCountry "ITA"]
[SourceTitle "EXT 2012"]
[Source "ChessBase"]
[SourceDate "2011.11.24"]
[SourceVersion "1"]
[SourceVersionDate "2011.11.24"]
[SourceQuality "1"]

1. d4 Nf6 2. c4 c5 3. d5 d6 4. Nc3 g6 5. e4 Bg7 6. Bd3 0-0 7. h3 Nbd7 8. Nf3 Ne8 9. Bf4 Qa5 10. Qd2 a6 11. 0-0 Ndf6 12. Rfe1 Nh5 13. Bh2 e6 14. e5 dxe5 15. Bxe5 exd5 16. cxd5 Bxe5 17. Nxe5 Nd6 18. a4 Qb4 19. Ne4 Qxd2 20. Nxd2 Nf4 21. Bc2 Nxd5 0-1

[Event "Milan Crespi op-B 29th"]
[Site "Milan"]
[Date "2008.12.08"]
[Round "7"]
[White "Di Paola, Antonio"]
[Black "Trent, Alan M"]
[Result "0-1"]
[WhiteElo "1748"]
[BlackElo "1867"]
[PlyCount "91"]
[EventDate "2008.12.05"]
[EventType "swiss"]
[EventRounds "7"]
[EventCountry "ITA"]
[SourceTitle "EXT 2010"]
[Source "ChessBase"]
[SourceDate "2010.11.25"]
[SourceVersion "1"]
[SourceVersionDate "2010.11.25"]
[SourceQuality "1"]

1. d4 Nf6 2. c4 c5 3. d5 b5 4. cxb5 a6 5. bxa6 Bxa6 6. Nc3 g6 7. e4 Bxf1 8. Kxf1 d6 9. g3 Bg7 10. Kg2 Nbd7 11. h3 0-0 12. Nf3 Qb6 13. Qc2 Rfc8 14. Be3 Qa5 15. Bd2 Rcb8 16. b3 Qb4 17. Rab1 c4 18. Nd4 cxb3 19. Nxb3 Rc8 20. Qd3 Ne5 21. Qd4 Rc4 22. Qe3 Qa3 23. Nd4 Rcc8 24. Rhc1 Ned7 25. Nc6 Kf8 26. Rb7 Qa6 27. Rcb1 Nc5 28. R7b6 Qc4 29. R1b4 Qd3 30. Qxd3 Nxd3 31. Ra4 Rxa4 32. Nxa4 Nxe4 33. Be3 Nf6 34. Rb3 Ne1+ 35. Kf1 Nc2 36. Nb6 Nxe3+ 37. fxe3 Re8 38. a4 Ne4 39. Nd7+ Kg8 40. Nxe7+ Rxe7 41. Rb8+ Bf8 42. Rxf8+ Kg7 43. Rd8 Nc3 44. Kf2 Nxa4 45. Nb8 Nc3 46. Rxd6 0-1

[Event "Milan Crespi op-B 29th"]
[Site "Milan"]
[Date "2008.12.07"]
[Round "5"]
[White "Di Paola, Antonio"]
[Black "Guzzetti, Luigi Enrico"]
[Result "1-0"]
[WhiteElo "1748"]
[BlackElo "1862"]
[PlyCount "75"]
[EventDate "2008.12.05"]
[EventType "swiss"]
[EventRounds "7"]
[EventCountry "ITA"]
[SourceTitle "EXT 2010"]
[Source "ChessBase"]
[SourceDate "2010.11.25"]
[SourceVersion "1"]
[SourceVersionDate "2010.11.25"]
[SourceQuality "1"]

1. d4 Nf6 2. c4 g6 3. Nc3 Bg7 4. e4 d6 5. Nf3 0-0 6. Be2 c6 7. 0-0 Qc7 8. Ne1 e5 9. Be3 Nbd7 10. Qd2 exd4 11. Bxd4 Re8 12. f3 Ne5 13. b3 a6 14. Rc1 h5 15. Nd3 Bd7 16. Nxe5 dxe5 17. Be3 Rad8 18. Qc2 Be6 19. Na4 Nd7 20. Rfd1 Bf8 21. Qc3 Ba3 22. Rc2 a5 23. Rd3 f5 24. Qa1 Kf7 25. Rcd2 b5 26. cxb5 cxb5 27. Nc3 Bc5 28. Nxb5 Bxe3+ 29. Rxe3 Qb6 30. Nd6+ Ke7 31. Nc4 Bxc4 32. Rxd7+ Rxd7 33. Qxe5+ Be6 34. exf5 gxf5 35. Kf1 Qd4 36. Qxe6+ Kd8 37. Qxe8+ Kc7 38. Qe5+ 1-0

[Event "Milan Crespi op-B 28th"]
[Site "Milan"]
[Date "2007.12.08"]
[Round "4"]
[White "Crippa, Oscar"]
[Black "Di Paola, Antonio"]
[Result "1-0"]
[WhiteElo "1727"]
[BlackElo "1806"]
[PlyCount "79"]
[EventDate "2007.12.06"]
[EventType "swiss"]
[EventRounds "6"]
[EventCountry "ITA"]
[SourceTitle "EXT 2009"]
[Source "ChessBase"]
[SourceDate "2008.11.26"]
[SourceVersion "1"]
[SourceVersionDate "2008.11.26"]
[SourceQuality "1"]

1. e4 c6 2. Nc3 d5 3. Nf3 Bg4 4. h3 Bxf3 5. Qxf3 e6 6. exd5 cxd5 7. Bb5+ Nc6 8. 0-0 Nf6 9. Re1 Be7 10. Bxc6+ bxc6 11. b3 0-0 12. Bb2 Qd7 13. Ne2 c5 14. Ng3 a5 15. Nh5 Nxh5 16. Qxh5 a4 17. Qg4 d4 18. d3 a3 19. Bc1 Bd6 20. Bf4 Bxf4 21. Qxf4 f6 22. Qe4 e5 23. Re2 Rae8 24. Rae1 Re6 25. g4 g5 26. Qf5 Rd6 27. Qxd7 Rxd7 28. Kg2 Kf7 29. Rc1 Rfd8 30. Rh1 Kg6 31. f3 h5 32. Kf1 Rd5 33. Ke1 Rf8 34. Rg2 Kh6 35. Rhg1 Rd7 36. Kd2 Rfd8 37. Rh1 Kg6 38. Rgh2 f5 39. Rg2 Rf7 40. Rhg1 1-0